Loading...
| History - World History | 0 | 4 | 0 | 1 | 40 | 108 | 118.00 | 2 | 4 |
| Mythology | 0 | 4 | 1 | 0 | 35 | 57 | 99.50 | 1 | 4 |
| Philosophy | 0 | 3 | 0 | 0 | 30 | 86 | 116.00 | 1 | 3 |
| History - European History | 0 | 3 | 1 | 1 | 25 | 88 | 115.67 | 0 | 3 |
| Social Science | 0 | 3 | 1 | 2 | 25 | 74 | 107.00 | 1 | 3 |
| Literature - European Literature | 0 | 2 | 0 | 0 | 20 | 137 | 137.00 | 1 | 2 |
| History - American History | 0 | 2 | 0 | 0 | 20 | 33 | 76.50 | 1 | 2 |
| History - Other History | 0 | 2 | 0 | 0 | 20 | 84 | 110.00 | 2 | 2 |
| Fine Arts - Other Fine Arts | 0 | 2 | 0 | 0 | 20 | 107 | 107.00 | 1 | 2 |
| Literature - World Literature | 0 | 2 | 0 | 0 | 20 | 88 | 111.00 | 0 | 2 |
| Religion | 0 | 2 | 1 | 0 | 15 | 111 | 119.50 | 0 | 2 |
| Other | 0 | 1 | 0 | 1 | 10 | 123 | 123.00 | 1 | 1 |
| Literature - American Literature | 0 | 1 | 0 | 0 | 10 | 118 | 118.00 | 0 | 1 |
| Literature - British Literature | 0 | 1 | 1 | 0 | 5 | 97 | 97.00 | 0 | 1 |
| Science - Physics | 0 | 0 | 0 | 0 | 0 | 0.00 | 0 | 0 | |
| Fine Arts - Painting & Sculpture | 0 | 0 | 1 | 0 | -5 | 0.00 | 0 | 0 |